The tragedy of Macbeth

שמור ב:
מידע ביבליוגרפי
מחבר ראשי: Shakespeare, William (Author)
פורמט: ספר
שפה:אנגלית
יצא לאור: Londres Penguin Books 1937
סדרה:The Penguin Shakespeare
נושאים:
תגים: הוספת תג
אין תגיות, היה/י הראשונ/ה לתייג את הרשומה!

MARC

LEADER 00000nam a2200000 a 4500
001 UCX5176
003 CL-VaPUC
008 921001e19370000UK |||||||||||||||||eng|d
082 0 4 |a 822  |b SHA  |2 21 
100 |a Shakespeare, William  |e author  |9 265757 
245 1 4 |a The tragedy of Macbeth 
300 |a 124 p 
942 |c BK 
945 |d 19921001 00:00:00 
260 |a Londres  |b Penguin Books  |c 1937 
650 0 |a Dramas ingleses  |9 269396 
583 |a last modification  |c 20120709 11:47:31  |k Rodrigo Vera 
490 0 |a The Penguin Shakespeare 
999 |c 225488  |d 225486 
952 |0 0  |1 0  |4 0  |6 822_000000000000000_SHA_1937  |7 0  |8 A  |9 223045  |a BIBEDU  |b BIBEDU  |d 2019-11-15  |i 2918838  |o 822 SHA 1937  |p 2918838  |r 2019-11-15  |w 2019-11-15  |y BK  |k LIT